Peroxidácia lipidov a aterogenéza

Bibliographic Details
Main Author: Kollár, Jozef, 1932-2018 (Author)
Format: Article
Language:Slovak
Subjects:

MARC

LEADER 00000nab a2200000 a 4500
001 vtls000626038
003 SK-MaSNL
005 20260304093556.0
008 250425c1997 xo 0 slo
015 |a SNBRB19rr/mm-uuuuu 
035 |a CL0626177 
035 |a urn:nbn:sk:snk-abd33j 
035 |a (urnnbn)urn:nbn:sk:snk:ar-007j1d 
035 |a (uuid)75882572-021b-4ee3-afab-2e7208b3231d 
040 |a SNKBUCL  |b slo  |c SNKBUCL  |e AACR2 
041 0 |a slo 
044 |a xo  |c SK 
080 |a 616.13-004.6:612.123  |2 1981 
080 |a 612.123  |2 1981 
100 1 |a Kollár, Jozef,  |d 1932-2018  |4 aut  |9 195277 
245 1 0 |a Peroxidácia lipidov a aterogenéza  |c J. Kollár 
300 |b Obr. 4, tab. 3, res. angl., lit. 19 zázn. 
650 0 7 |a ateroskleróza  |2 snkbucl  |9 2428 
650 0 7 |a lipidy  |2 snkbucl  |9 15288 
655 7 |a články z novín a časopisov  |2 snkbucl  |9 267496 
773 0 |t Ateroskleróza  |g Roč. 1, č. 1 (1997), s. 40-47  |x 1335-2253 
850 |a Slovenská národná knižnica 
852 |a Slovenská národná knižnica 
954 |a odborná, vedecká literatúra pôvodná (slovenská)  |2 lita 
958 |a article17 
958 |a NB 
958 |a MI 
958 |a RK 
958 |a OND 
958 |a EUIPO 
992 |a RBX 
999 |c 2823721  |d 2825651